Statistics for Top 50 richest countries.

Click here to take the quiz!

General Stats

  • This quiz has been taken 588 times
  • The average score is 33 of 50

Answer Stats

RankGDP per capitaCountry% Correct
1056,116 USDUnited States
97%
2241,459 USDUnited Kingdom
89%
2044,310 USDCanada
87%
1447,377 USDGermany
86%
2639,631 USDFrance
85%
2737,322 USDJapan
85%
2936,030 USDItaly
84%
861,197 USDNorway
84%
3234,527 USDSpain
84%
1546,704 USDSweden
84%
2340,979 USDFinland
80%
4526,261 USDPoland
80%
1945,501 USDAustralia
79%
961,086 USDSwitzerland
79%
1646,624 USDDenmark
78%
669,971 USDUAE
78%
3829,213 USDPortugal
77%
1141,543 USDQatar
77%
3134,549 USDSouth Korea
77%
1248,313 USDNetherlands
76%
4924,451 USDRussia
76%
1153,539 USDSaudi Arabia
76%
765,144 USDIreland
75%
1348,194 USDAustria
74%
2144,093 USDBelgium
74%
2101,926 USDLuxembourg
74%
4426,631 USDGreece
71%
1846,547 USDIceland
71%
385,382 USDSingapore
70%
2836,982 USDNew Zealand
69%
3532,759 USDCzech Republic
68%
4625,799 USDHungary
62%
4027,808 USDEstonia
61%
3035,831 USDIsrael
61%
1746,586 USDBahrain
60%
5024,257 USDLatvia
60%
3631,144 USDSlovenia
60%
574,646 USDKuwait
59%
3929,105 USDSlovakia
59%
4127,681 USDLithuania
58%
2539,971 USDOman
57%
3333,339 USDMalta
54%
478,369 USDBrunei
48%
3731,116 USDCyprus
45%
4326,950 USDMalaysia
45%
4227,329 USDSeychelles
26%
2440,719 USDEquatorial Guinea
16%
4825,045 USDKazakhstan
16%
3433,309 USDTrinidad
13%
4725,088 USDSt. Kitts
10%

Score Distribution

Percentile by Number Answered

Percent of People with Each Score

Your Score History

You have not taken this quiz